000 00791nam a2200265Ia 4500
003 OSt
005 20220927110451.0
006 a|||||r|||| 00| 0
007 ta
008 220926b |||||||| |||| 00| 0 eng d
024 _a109212
037 _cReports
040 _aRTL
_cRTL
_beng
041 _2eng
_aeng
082 _a"X9(MJ72):545.2.N56t, GD"
110 _a"India , Government Of .... Coir (Board)"
_9378539
245 0 _aReport on the coir board delegation to ceylon
260 _c1959
300 _a64p.
_ccm.
500 _aLeader : P K Dewer (GPE. 1959)
650 _aWoollen Industry
_9378540
700 _a"India , Government Of .... Coir (Board)"
_9378541
942 _h"X9(MJ72):545.2.N56t, GD"
_cCC
999 _c696850
_d696850